LEADER 03308nam0 22004933i 450 001 BVEE039215 005 20170908093220.0 012 $aisum t.r, t.e. S+So (3) 1622 (R)$2fei 100 $a20170606d1622 ||||0itac50 ba 101 | $alat 102 $afr 181 1$6z01$ai $bxxxe 182 1$6z01$an 200 1 $aM. Accius Plautus ex fide, atque auctoritate complurium librorum manuscriptorum opera Dionys. Lambini Monstroliensis emendatus: ab eodémque commentariis explicatus. Nunc denuò plurimis, quae in praecedentibus editionibus irrepserant, mendis, repurgatus: multísque in locis in gratiam antiquariorum illustratus. Additi quoque sunt duo indices copiosissimi. ... 210 $aLugduni$ctypis Iacobi Stoër$d1622 215 $a[8], 920, [52] p.$d4º 300 $aLuogo di stampa stampato su striscia di carta a coprire il precedente: Ginevra 300 $aEmissione simultanea di edizione condivisa: alcune copie recano: Coloniae Allobrogum : apud Petrum, & Iacobum Chouët, 1622 300 $aSegn.: §⁴A-2Z⁸,²2A-2K⁸2L⁴2M-2P⁸,²Q². 316 $a1 v.; Sul frontespizio, in basso a destra, timbro direzione degli scavi e monumenti$5IT-NA0226, SALA TERZA38. C 13 317 $aPossessore: *Museo Archeologico Nazionale di Napoli. $5IT-NA0226 SALA TERZA 38. C 13 620 $aCH$dGinevra$3RMSL001240 700 1$aPlautus$b, Titus Maccius$3CFIV005503$4070$0166580 702 1$aLambin$b, Denis$f $3TSAV307854 712 02$aStoer, Jacques$3BVEV018314$4650 712 02$aMuseo Archeologico Nazionale di Napoli$3NAPP001851$4390$5IT-NA0226 SALA TERZA 38. C 13 790 1$aPlauto$b, Tito Maccio$3CFIV005504$zPlautus, Titus Maccius 790 0$aPlauto$3CFIV037502$zPlautus, Titus Maccius 790 1$aPlauto$b, Tito Macco$3CFIV060595$zPlautus, Titus Maccius 790 1$aPlauto$b, T. M.$3CFIV216569$zPlautus, Titus Maccius 790 1$aPlautus$b, Aulus Maccius$3SBNV005933$zPlautus, Titus Maccius 790 0$aPlautus$3SBNV036199$zPlautus, Titus Maccius 790 0$aLambinus Dyonisius$3BVEV172619$zLambin, Denis 790 0$aDionysius Lambinus$3CFIV146297$zLambin, Denis 790 1$aLambinus$b, Dyonisius$3CFIV250376$zLambin, Denis 791 02$aStoer, Iacob$3BVEV093080$zStoer, Jacques 791 02$aStoer, Jacob$3BVEV093081$zStoer, Jacques 801 3$aIT$bIT-NA0079$c20170606 850 $aIT-NA0226 912 $aBVEE039215 950 0$aBiblioteca del Museo Archeologico Nazionale di Napoli$b1 esemplare$c1 v.$d NCSALA TERZA38. C 13$e NC 0000394895 B 1 v.; Sul frontespizio, in basso a destra, timbro direzione degli scavi e monumenti$fZ $h20170606$i20170606$lSul frontespizio, in basso a destra, timbro direzione degli scavi e monumenti$mTimbri di enti laici e persone 977 $a NC 996 $aM. Accius Plautus ex fide, atque auctoritate complurium librorum manuscriptorum opera Dionys. Lambini Monstroliensis emendatus: ab eodémque commentariis explicatus. Nunc denuò plurimis, quae in praecedentibus editionibus irrepserant, mendis, repurgatus: multísque in locis in gratiam antiquariorum illustratus. Additi quoque sunt duo indices copiosissimi. ..$91481375 997 $aUNISANNIO LEADER 00967nam0-2200301 --450 001 9910546200603321 005 20220308155931.0 010 $z9780691199474$b(hardcover) 100 $a20220308d2021----kmuy0itay5050----ba 101 0 $aeng 105 $aa 001yy 200 1 $aDelicious$ethe evolution of flavor and how it made us human /$fRob Dunn and Monica Sanchez 210 1$aPrinceton$cPrinceton University Press$d2021 215 $aXVIII, 279 p.$cill.$d22 cm 610 0 $aGusto$aEvoluzione 610 0 $aFlavor 676 $a612.87$v23$zita 700 1$aDunn,$bRob R.$01207368 701 1$aSanchez,$bMonica$c(Anthropologist)$01207369 801 0$aIT$bUNINA$gRICA$2UNIMARC 901 $aBK 912 $a9910546200603321 952 $a60 612.87 DUNR 2021$b251/2022$fFAGBC 952 $a60 612.87 DUNR 2021 BIS$b252/2022$fFAGBC 952 $a60 612.87 DUNR 2021 TER$b253/2022$fFAGBC 959 $aFAGBC 996 $aDelicious$92784952 997 $aUNINA